English literary periodicals /

Bibliographic Details
Main Author: Graham, Walter James, 1885-
Format: Book
Language:English
Published: New York : T. Nelson & sons, 1930.
Subjects:

MARC

Tag First Indicator Second Indicator Subfields
LEADER 00000cam a2200000 4500
001 in00000039092
005 20151007081509.0
008 741122s1930 eng u
010 |a  31002432  
035 |a (OCoLC)01084372 
035 |9 AAF6477AM 
040 |c TOL  |d TXA  |d UtOrBLW 
049 |a TXAM  |c [113561] 
090 |a PN5124.P4  |b G73 
092 |a 052  |b G742e 
100 1 |a Graham, Walter James,  |d 1885- 
245 1 0 |a English literary periodicals /  |c by Walter Graham. 
264 1 |a New York :  |b T. Nelson & sons,  |c 1930. 
300 |a 424 pages 
336 |a text  |b txt  |2 rdacontent 
337 |a unmediated  |b n  |2 rdamedia 
338 |a volume  |b nc  |2 rdacarrier 
504 |a Bibliography: pages 394-402. 
650 0 |a English periodicals  |x History. 
999 |a MARS 
999 f f |s 7bde095e-bb57-364c-b4aa-2e29a6212912  |i 9c69beaf-391f-39c0-9acc-0b43500f9f49  |t 0 
952 f f |p normal  |a Texas A&M University  |b College Station  |c Sterling C. Evans Library  |d Evans: Library Stacks  |t 0  |e PN5124.P4 G73  |h Library of Congress classification  |i unmediated -- volume  |m A14800499191 
998 f f |a PN5124.P4 G73  |t 0  |l Evans: Library Stacks